| 000 | 00891nam a2200313 a 4500 | ||
|---|---|---|---|
| 003 | AR-BaBNM | ||
| 005 | 20251128203551.0 | ||
| 008 | 082120s2002 ||||||||||||||000 | spa|| | ||
| 040 | _cAR-BaBNM | ||
| 100 | 1 | _aSchneider, Erich | |
| 245 | 0 | 0 |
_aTeoría económica _bdinero, crédito, renta nacional y ocupación. 3 |
| 250 | _a4ª ed. | ||
| 260 |
_aMadrid _bAguilar _c1966 |
||
| 300 |
_a321 p. _bgráfs., tablas |
||
| 504 | _aLa bibliografía se encuentra al final de cada capítulo | ||
| 650 | 4 | _aPLANIFICACION ECONOMICA | |
| 650 | 4 | _aSOCIOLOGIA ECONOMICA | |
| 650 | 4 | _aECONOMIA | |
| 650 | 4 | _aHOMBRE | |
| 650 | 4 | _aDEUDA PUBLICA | |
| 650 | 4 | _aDINERO | |
| 650 | 4 | _aSISTEMAS MONETARIOS | |
| 650 | 4 | _aHACIENDA PUBLICA | |
| 650 | 4 | _aPRESUPUESTO NACIONAL | |
| 700 | 1 |
_aMarich, Carlos _etraductor |
|
| 700 | 1 |
_aMartín Merino, Luis A. _eeditor |
|
| 942 | _cBK | ||
| 998 | _cmariana | ||
| 999 |
_c3962 _d3962 |
||